[Event "24th ch-EUR Indiv 2024"]
[Site "Petrovac MNE"]
[Date "2024.11.10"]
[Round "3.58"]
[White "Niedbala, Bartlomiej"]
[Black "Ahmadzada, Ahmad"]
[Result "0-1"]
[WhiteTitle "IM"]
[BlackTitle "GM"]
[WhiteElo "2389"]
[BlackElo "2542"]
[WhiteFideId "21834008"]
[BlackFideId "13413007"]
[EventDate "2024.11.08"]

1. d4 Nf6 2. c4 e6 3. Nf3 c5 4. d5 d6 5. Nc3 exd5 6. cxd5 g6 7. Nd2 Nbd7 8. e4
Bg7 9. Be2 O-O 10. O-O Re8 11. a4 a6 12. Re1 Ne5 13. Ndb1 Rb8 14. h3 h6 15. f4
Ned7 16. Nd2 c4 17. e5 dxe5 18. Nxc4 b5 19. axb5 axb5 20. fxe5 bxc4 21. exf6
Qxf6 22. Kh1 Qh4 23. Rf1 Ne5 24. Rf4 Qd8 25. Rf1 Bf5 26. Qd2 Nd3 27. Bxd3 Bxd3
28. Rd1 Qh4 29. d6 Rbd8 30. Ra5 g5 31. Rd5 Qg3 32. d7 Re5 33. Rd4 f5 34. Rd5 0-1

[Event "24th ch-EUR Indiv 2024"]
[Site "Petrovac MNE"]
[Date "2024.11.10"]
[Round "3.59"]
[White "Keinanen, Toivo"]
[Black "Magold, Filip"]
[Result "1/2-1/2"]
[WhiteTitle "IM"]
[BlackTitle "FM"]
[WhiteElo "2541"]
[BlackElo "2405"]
[WhiteFideId "509825"]
[BlackFideId "1254456"]
[EventDate "2024.11.08"]

1. c4 c6 2. Nf3 d5 3. g3 Bg4 4. Ne5 Bf5 5. Qb3 Nd7 6. d4 Qb6 7. cxd5 Qxb3 8.
axb3 cxd5 9. Nc3 Ngf6 10. g4 Be6 11. Nxd7 Bxd7 12. g5 Ne4 13. Nxd5 e6 14. Nc7+
Kd8 15. Bg2 Bb4+ 16. Kf1 Kxc7 17. Bxe4 Bc6 18. Bf4+ Bd6 19. Bxd6+ Kxd6 20. Bxc6
bxc6 21. Rg1 h6 22. gxh6 g6 23. Rg5 Rxh6 24. Kg1 f5 25. Ra6 Rah8 26. Rg2 R8h7
27. e3 Rb7 28. Rg3 Rbh7 29. Kf1 Rxh2 30. Rxg6 Rh1+ 31. Rg1 f4 32. Rxh1 Rxh1+ 33.
Kg2 Rb1 34. Ra2 fxe3 35. fxe3 Rd1 36. Kf3 Rd3 37. Ra3 Rd2 38. Rxa7 Rxb2 39. Rb7
e5 40. Ke4 exd4 41. Kxd4 Rb1 42. Kd3 Rd1+ 43. Kc2 Re1 44. Kd2 Rb1 45. Rb8 c5 46.
Rd8+ Kc7 47. Rd3 Rb2+ 48. Kc1 Rh2 49. Rd2 Rh1+ 50. Kc2 Re1 51. Kd3 Rb1 52. Kc4
Re1 53. Kd3 Rb1 54. Kc2 Re1 55. Rd3 Kc6 56. Kd2 Rh1 57. Ke2 Kb5 58. Kf2 Kb4 59.
e4 Rh2+ 60. Kg3 Rb2 61. e5 Rxb3 62. Rxb3+ Kxb3 63. e6 c4 64. e7 c3 65. e8=Q c2
66. Qb5+ Ka2 67. Qa4+ Kb1 68. Qb3+ Ka1 69. Qxc2 1/2-1/2

[Event "24th ch-EUR Indiv 2024"]
[Site "Petrovac MNE"]
[Date "2024.11.10"]
[Round "3.60"]
[White "Sliwicka, Alicja"]
[Black "Kovalev, Vladislav"]
[Result "0-1"]
[WhiteTitle "WGM"]
[BlackTitle "GM"]
[WhiteElo "2380"]
[BlackElo "2539"]
[WhiteFideId "1150677"]
[BlackFideId "13504398"]
[EventDate "2024.11.08"]

1. e4 e5 2. Nf3 Nc6 3. Bc4 Nf6 4. d3 h6 5. O-O d6 6. c3 g5 7. Nbd2 Bg7 8. Bb3 g4
9. Ne1 h5 10. Nc4 d5 11. exd5 Nxd5 12. Qe2 O-O 13. g3 Be6 14. Ne3 Qd7 15. Nxd5
Bxd5 16. Bxd5 Qxd5 17. f4 f5 18. fxe5 Nxe5 19. d4 Ng6 20. Qg2 Qb5 21. a4 Qc4 22.
Nc2 Rae8 23. Ne3 Qd3 24. Rd1 Qa6 25. Nd5 Re2 26. Qf1 Qe6 27. b4 Rc2 28. Qd3 Rxc1
29. Raxc1 Qxd5 30. Rf1 Ne5 31. Qb5 Nf3+ 32. Kf2 Bxd4+ 33. cxd4 Qxd4+ 34. Kg2
Qd2+ 35. Rf2 Qxc1 36. Qd5+ Rf7 0-1

[Event "24th ch-EUR Indiv 2024"]
[Site "Petrovac MNE"]
[Date "2024.11.10"]
[Round "3.61"]
[White "Blohberger, Felix"]
[Black "Neverov, Valeriy"]
[Result "1-0"]
[WhiteTitle "GM"]
[BlackTitle "GM"]
[WhiteElo "2536"]
[BlackElo "2401"]
[WhiteFideId "1632051"]
[BlackFideId "14100150"]
[EventDate "2024.11.08"]

1. Nf3 Nf6 2. c4 g6 3. Nc3 Bg7 4. e4 d6 5. d4 O-O 6. Be2 Nbd7 7. O-O e5 8. Re1
Re8 9. Bf1 a5 10. Rb1 b6 11. b3 exd4 12. Nxd4 Bb7 13. f3 c6 14. Bg5 h6 15. Bh4
Nc5 16. a3 Qc7 17. b4 axb4 18. axb4 Ne6 19. Nxe6 Rxe6 20. Qd2 Nd7 21. Red1 Ne5
22. Rbc1 Ree8 23. b5 Rac8 24. Qxd6 Qxd6 25. Rxd6 Bf8 26. Rdd1 Ba3 27. Rc2 cxb5
28. Nxb5 Bc5+ 29. Bf2 Ba6 30. Ra2 Bxb5 31. cxb5 g5 32. Be2 Bxf2+ 33. Kxf2 Re6
34. Rd5 Kg7 35. g3 Ng6 36. Rad2 Rc3 37. R5d3 Rc5 38. Rd6 Kf6 39. Bf1 Ne5 40. f4
gxf4 41. gxf4 Nc4 42. e5+ Kg7 43. Rxe6 Nxd2 44. Rc6 f6 45. Bd3 Rd5 46. exf6+ 1-0

[Event "24th ch-EUR Indiv 2024"]
[Site "Petrovac MNE"]
[Date "2024.11.10"]
[Round "3.62"]
[White "Stefansson, Vignir Vatnar"]
[Black "Domalchuk-Jonasson, Aleksandr"]
[Result "1-0"]
[WhiteTitle "GM"]
[BlackTitle "IM"]
[WhiteElo "2530"]
[BlackElo "2399"]
[WhiteFideId "2308649"]
[BlackFideId "14142805"]
[EventDate "2024.11.08"]

1. c4 e6 2. Nf3 Nf6 3. Nc3 d5 4. d4 Be7 5. g3 O-O 6. Bg2 Nbd7 7. O-O dxc4 8. a4
c6 9. e4 b5 10. axb5 cxb5 11. e5 Nd5 12. Nxb5 Bb7 13. Nd2 N7b6 14. Ne4 Bc6 15.
Nbc3 Qd7 16. h4 Rab8 17. Bg5 h6 18. Bxe7 Qxe7 19. Qe2 Qc7 20. Nc5 Ra8 21. Nxd5
Bxd5 22. Bxd5 Nxd5 23. Qxc4 Rfb8 24. b3 Rb4 25. Qd3 Qd8 26. Na6 Rb6 27. Ra4 Rc8
28. Nc5 Nb4 29. Qe4 Nc6 30. Rc1 a5 31. Rac4 Ne7 32. R1c2 Rcb8 33. h5 Nd5 34. Kg2
Nb4 35. Rc1 Nd5 36. Qf3 Qe7 37. Kh2 Qd8 38. Qg4 Kh8 39. Qe4 Ne7 40. Kh3 Kg8 41.
f4 Nf5 42. Rd1 Ne7 43. Rd3 Rb5 44. Kg2 Qd5 45. Qxd5 Nxd5 46. Kf3 Nb6 47. Rc1 Kf8
48. g4 Ke7 49. f5 Nd7 50. Nxd7 Kxd7 51. Rcc3 Rb4 52. Ke4 R8b5 53. Rf3 Rb7 54.
fxe6+ fxe6 55. Rf7+ Ke8 56. Rxb7 Rxb7 57. Rc5 Rxb3 58. Rxa5 Rg3 59. Kf4 Rd3 60.
Ra8+ Kf7 61. Ra7+ Kf8 62. Rd7 Rd1 63. Ke3 Rg1 64. Kf3 Re1 65. Kf2 Re4 66. Kf3
Re1 67. Kf4 Rd1 68. Ke3 Rg1 69. Kd3 Rc1 70. d5 exd5 71. Rxd5 Ke7 72. Ke4 Rf1 73.
Ra5 Ke6 74. Ra6+ Ke7 75. Ra7+ Ke6 76. Rxg7 Re1+ 77. Kf3 Ra1 78. Rg6+ Kxe5 79.
Rxh6 Ra3+ 80. Kg2 Kf4 81. Rg6 Ra2+ 82. Kh3 Ra1 83. Rf6+ Kg5 84. Rf5+ Kh6 85. Rb5
Rh1+ 86. Kg2 Ra1 87. Rb6+ Kg7 88. Kg3 Ra4 89. Kh4 Rc4 90. h6+ Kh7 91. Kh5 Rc1
92. Rb7+ Kg8 93. g5 Rc5 94. Re7 Ra5 95. Kg6 Ra6+ 96. Kf5 Ra1 97. g6 Rf1+ 98. Ke6
Re1+ 99. Kd6 Rd1+ 100. Kc5 Rc1+ 101. Kd4 Rd1+ 102. Kc3 Rc1+ 103. Kd2 Rc8 104.
Rd7 Ra8 105. Kd3 Rb8 106. Kd4 Ra8 107. Kd5 Rb8 108. Ke6 Re8+ 109. Kf6 Rf8+ 110.
Kg5 Ra8 111. h7+ Kh8 112. Kh6 1-0

[Event "24th ch-EUR Indiv 2024"]
[Site "Petrovac MNE"]
[Date "2024.11.10"]
[Round "3.63"]
[White "Kuru, Atilla"]
[Black "Sebenik, Matej"]
[Result "1-0"]
[WhiteTitle "FM"]
[BlackTitle "GM"]
[WhiteElo "2371"]
[BlackElo "2524"]
[WhiteFideId "51607948"]
[BlackFideId "14602296"]
[EventDate "2024.11.08"]

1. e4 c5 2. Nf3 Nc6 3. d4 cxd4 4. Nxd4 g6 5. Nc3 Bg7 6. Be3 Nf6 7. Nxc6 bxc6 8.
e5 Ng8 9. Bd4 Qa5 10. f4 f6 11. Qd2 Nh6 12. exf6 exf6 13. Qe2+ Kf7 14. Qc4+ d5
15. Qxc6 Re8+ 16. Kd2 Qb4 17. Qc5 Rb8 18. Qxb4 Rxb4 19. Bxa7 f5 20. Bd3 Bb7 21.
b3 Rxf4 22. Rae1 Ra8 23. Nb5 Bc6 24. Bc5 Ng4 25. Re7+ Kg8 26. Nc7 Bh6 27. Kc3
d4+ 28. Bxd4 Bxg2 29. Bc4+ Kf8 30. Rf7+ 1-0

[Event "24th ch-EUR Indiv 2024"]
[Site "Petrovac MNE"]
[Date "2024.11.10"]
[Round "3.64"]
[White "Samunenkov, Ihor"]
[Black "Barria Santos, Jose Guilherme"]
[Result "1-0"]
[WhiteTitle "GM"]
[BlackTitle "FM"]
[WhiteElo "2523"]
[BlackElo "2398"]
[WhiteFideId "14187086"]
[BlackFideId "1939300"]
[EventDate "2024.11.08"]

1. d4 Nf6 2. Nf3 e6 3. c4 d5 4. g3 dxc4 5. Bg2 c5 6. O-O Nc6 7. dxc5 Qxd1 8.
Rxd1 Bxc5 9. Nbd2 c3 10. bxc3 O-O 11. Nb3 Be7 12. c4 Bd7 13. Bb2 Rfc8 14. a4 Be8
15. a5 Nd7 16. Nfd2 Rab8 17. Rdc1 b6 18. a6 Nc5 19. Nxc5 Bxc5 20. e3 Be7 21.
Rab1 f6 22. Bh3 Kf7 23. Nb3 Nb4 24. Nd4 f5 25. Nb5 Nd3 26. Nxa7 Rc7 27. Nb5 Bxb5
28. cxb5 Nxc1 29. Be5 Ne2+ 30. Kf1 Nc3 31. Bxc7 Rc8 32. a7 Nxb1 33. Bb8 Nd2+ 34.
Kg2 Bd6 35. a8=Q Rxb8 36. Qa2 Ne4 37. Bxf5 Nc5 38. Bxh7 1-0

[Event "24th ch-EUR Indiv 2024"]
[Site "Petrovac MNE"]
[Date "2024.11.10"]
[Round "3.65"]
[White "Brunello, Sabino"]
[Black "Mikac, Matjaz"]
[Result "1/2-1/2"]
[WhiteTitle "GM"]
[BlackTitle "IM"]
[WhiteElo "2518"]
[BlackElo "2392"]
[WhiteFideId "813613"]
[BlackFideId "14600048"]
[EventDate "2024.11.08"]

1. e4 e5 2. Nf3 Nc6 3. Bb5 a6 4. Ba4 Nge7 5. h4 d6 6. c3 Bg4 7. d3 Ng6 8. h5 Nh4
9. Kf1 Be7 10. Nbd2 O-O 11. Qe1 Bxf3 12. Nxf3 Nxf3 13. gxf3 Bg5 14. Bxg5 Qxg5
15. Qe3 Qf6 16. Bxc6 bxc6 17. Rg1 Kh8 18. Ke2 Qe6 19. Qg5 Rg8 20. Kd2 Raf8 21.
Qf5 Qxf5 22. exf5 g6 23. fxg6 fxg6 24. hxg6 Rxg6 25. Rxg6 hxg6 26. Ke3 Kg7 27.
b4 a5 28. bxa5 Ra8 29. f4 exf4+ 30. Kxf4 Rxa5 31. a4 Kf6 32. Ke4 Ke6 33. f4 d5+
34. Ke3 c5 35. c4 c6 36. Kf3 Kf5 37. Ra2 g5 38. fxg5 Kxg5 39. Ke3 Kf5 40. Kd2
Ke5 41. Kc3 Kd6 42. Kb3 Ke5 43. Kc3 Kd6 44. Ra1 Kc7 45. Kb3 Kd6 46. Rh1 Ra8 47.
Rh6+ Kc7 48. Rh7+ Kb6 49. cxd5 1/2-1/2

[Event "24th ch-EUR Indiv 2024"]
[Site "Petrovac MNE"]
[Date "2024.11.10"]
[Round "3.66"]
[White "Gal, Andrej"]
[Black "Lashkin, Jegor"]
[Result "0-1"]
[WhiteTitle "FM"]
[BlackTitle "IM"]
[WhiteElo "2255"]
[BlackElo "2518"]
[WhiteFideId "14567563"]
[BlackFideId "13907808"]
[EventDate "2024.11.08"]

1. d4 Nf6 2. c4 e6 3. Nf3 d5 4. g3 dxc4 5. Bg2 c6 6. O-O Nbd7 7. a4 a5 8. Qc2
Nd5 9. Qxc4 Nb4 10. Nc3 b6 11. Rd1 Ba6 12. Qb3 Be7 13. Bf4 O-O 14. Rac1 Rc8 15.
Ne5 Kh8 16. Bf3 Nb8 17. Na2 Nd5 18. Bd2 Kg8 19. e4 Nf6 20. Bf4 Re8 21. Kg2 b5
22. axb5 cxb5 23. Nc3 a4 24. Qa2 Qb6 25. d5 Bb4 26. dxe6 fxe6 27. Be3 Qa5 28.
Ne2 Rxc1 29. Rxc1 a3 30. Nd4 axb2 31. Qxb2 Qa3 32. Qc2 Bd6 33. Ng4 Nbd7 34.
Nxf6+ Nxf6 35. Nc6 Bf8 36. Bd4 b4 37. Bxf6 gxf6 38. e5 f5 39. Qd2 h6 40. Qd7
Qxc1 41. h4 Qf1+ 42. Kh2 Qxf2+ 43. Bg2 Bf1 0-1

[Event "24th ch-EUR Indiv 2024"]
[Site "Petrovac MNE"]
[Date "2024.11.10"]
[Round "3.67"]
[White "Peng, Li Min"]
[Black "Abdulov, Orkhan"]
[Result "1/2-1/2"]
[WhiteTitle "GM"]
[BlackTitle "IM"]
[WhiteElo "2516"]
[BlackElo "2385"]
[WhiteFideId "14112620"]
[BlackFideId "13402714"]
[EventDate "2024.11.08"]

1. d4 d5 2. c4 c6 3. Nf3 Nf6 4. e3 Bf5 5. Nc3 e6 6. Nh4 Be4 7. f3 Bg6 8. Qb3 Qc7
9. Bd2 Be7 10. cxd5 cxd5 11. Nxg6 hxg6 12. O-O-O Nc6 13. Kb1 a6 14. Rc1 Rc8 15.
Bd3 Nd7 16. e4 Nxd4 17. Qd1 Qd6 18. exd5 exd5 19. Be1 Nc6 20. Bg3 Nde5 21. Re1
O-O 22. Qb3 d4 23. Nd5 Bg5 24. Rcd1 Rfe8 25. Nb6 Rcd8 26. Nc4 Qf6 27. Nxe5 Nxe5
28. Rxe5 Rxe5 29. Bxe5 Qxe5 30. Qxb7 Qxh2 31. Bc4 Rf8 32. f4 1/2-1/2

[Event "24th ch-EUR Indiv 2024"]
[Site "Petrovac MNE"]
[Date "2024.11.10"]
[Round "3.68"]
[White "Kosakowski, Jakub"]
[Black "Baltag, Iulian"]
[Result "1-0"]
[WhiteTitle "IM"]
[BlackTitle "IM"]
[WhiteElo "2516"]
[BlackElo "2383"]
[WhiteFideId "1185080"]
[BlackFideId "13901419"]
[EventDate "2024.11.08"]

1. e4 e5 2. Nf3 Nf6 3. Nxe5 d6 4. Nf3 Nxe4 5. d4 d5 6. Bd3 Bd6 7. O-O O-O 8. c4
c6 9. Re1 Bf5 10. Ng5 Re8 11. Bxe4 dxe4 12. Nc3 h6 13. Ngxe4 Bxe4 14. Nxe4 Bxh2+
15. Kf1 f5 16. Nc5 b6 17. Ne6 Qd7 18. d5 cxd5 19. cxd5 Qb5+ 20. Re2 Be5 21. a4
Qc4 22. b3 Qa6 23. Bf4 Bxa1 24. Qxa1 Re7 25. Bxh6 Nd7 26. Bg5 Rae8 27. Bxe7 Rxe7
28. Qd1 Nf6 29. Kg1 Ne4 30. Ng5 Qb7 31. d6 Rd7 32. Rxe4 fxe4 33. Qh5 1-0

[Event "24th ch-EUR Indiv 2024"]
[Site "Petrovac MNE"]
[Date "2024.11.10"]
[Round "3.69"]
[White "Sitbon, Itay"]
[Black "Vetoshko, Volodymyr"]
[Result "0-1"]
[BlackTitle "GM"]
[WhiteElo "2170"]
[BlackElo "2513"]
[WhiteFideId "2820706"]
[BlackFideId "14122480"]
[EventDate "2024.11.08"]

1. d4 Nf6 2. c4 e6 3. Nf3 d5 4. g3 dxc4 5. Bg2 Nbd7 6. Nbd2 b5 7. a4 c6 8. O-O
Bb7 9. e4 a6 10. Re1 Be7 11. e5 Nd5 12. Ne4 h6 13. Nh4 g5 14. Bh3 gxh4 15. Bxe6
Nf8 16. Bxf7+ Kxf7 17. Qh5+ Kg7 18. e6 Ng6 19. gxh4 Nf6 20. Nxf6 Bxf6 21. Bf4
Qd5 22. Re5 Qg2+ 23. Kxg2 Nxf4+ 24. Kf3 Nxh5 25. Rg1+ Kf8 26. Rxh5 Ke7 27. a5
Rad8 28. Rf5 Kxe6 29. Rf4 c5+ 30. d5+ Rxd5 31. Rfg4 Rd3+ 32. Kf4 Be5# 0-1

[Event "24th ch-EUR Indiv 2024"]
[Site "Petrovac MNE"]
[Date "2024.11.10"]
[Round "3.70"]
[White "Kochavi, Dana"]
[Black "Dudin, Gleb"]
[Result "0-1"]
[WhiteTitle "WFM"]
[BlackTitle "GM"]
[WhiteElo "2166"]
[BlackElo "2510"]
[WhiteFideId "2837137"]
[BlackFideId "34184934"]
[EventDate "2024.11.08"]

1. e4 c5 2. Nf3 d6 3. d4 cxd4 4. Nxd4 Nf6 5. Nc3 a6 6. Rg1 h5 7. h3 e5 8. Nb3
Be6 9. g4 hxg4 10. hxg4 d5 11. exd5 Nxd5 12. Nxd5 Qxd5 13. Qxd5 Bxd5 14. Be3 Nc6
15. O-O-O O-O-O 16. Bb6 Rd7 17. Rg3 Be7 18. g5 Be6 19. Rxd7 Bxd7 20. Be2 Bf5 21.
a3 Rh2 22. Kd1 Bd8 23. Be3 Ne7 24. Bf3 Bg6 25. Nc5 Nf5 26. Bg4 Kc7 27. Bxf5 Bxf5
28. Kd2 Rh1 29. Nd3 Kd6 30. Kc3 Bc7 31. Rf3 g6 32. Rg3 Kd5 33. f3 Rf1 34. Kd2 a5
35. Ke2 Rb1 36. b3 b5 37. Rg1 Rxg1 38. Bxg1 Bd6 39. a4 bxa4 40. c4+ Kc6 41. bxa4
Be6 42. c5 Bc7 43. Kd2 Bb3 44. Nb2 Bd5 45. Ke2 Kd7 46. Be3 Bb3 47. Kd3 Ke6 48.
Bd2 Bd8 49. Be3 Bd5 50. Ke2 Bc6 51. Bd2 Kd5 52. Be3 Be7 53. Bd2 Kxc5 54. Bxa5
Bxg5 55. Nd3+ Kd6 56. Bc3 f6 57. Nf2 Bh4 58. Ne4+ Kd5 59. Bd2 f5 60. Nc3+ Kc4
61. a5 Bd8 62. Nd1 Kb5 63. Bc3 Bc7 64. Nf2 Kc4 65. Bd2 Kd5 66. Nh3 Bb5+ 67. Kf2
Kc4 68. Ng5 Kd5 69. Bc3 Ba6 70. Ke3 Bd8 71. Nh3 Be7 72. Kf2 g5 73. Bd2 f4 74.
Kg2 Ke6 75. Nf2 Kf5 76. Bc3 Bb7 77. Bd2 Bc5 78. Bc3 Ba7 79. Bd2 Bd4 80. Bb4 Ke6
81. Bd2 Bc5 82. Bc3 Bd6 83. Bd2 Kd5 84. Ne4 Be7 85. Nf2 Kc4 86. Be1 Kb3 87. Bd2
Kc2 88. Be1 Bd8 89. Bb4 Bc7 90. Be7 Kd2 91. Bxg5 Ke2 92. Nh3 Bxf3+ 93. Kg1 Bg4
94. Nf2 Bf5 95. a6 Bb6 96. Bh4 Bc8 97. Kg2 f3+ 98. Kg1 Bxa6 99. Bg3 e4 100. Bh4
Bxf2+ 0-1

[Event "24th ch-EUR Indiv 2024"]
[Site "Petrovac MNE"]
[Date "2024.11.10"]
[Round "3.71"]
[White "Bacrot, Etienne"]
[Black "Lavrencic, Matic"]
[Result "1-0"]
[WhiteTitle "GM"]
[BlackTitle "FM"]
[WhiteElo "2653"]
[BlackElo "2366"]
[WhiteFideId "605506"]
[BlackFideId "14637847"]
[EventDate "2024.11.08"]

1. Nf3 d5 2. g3 c5 3. Bg2 Nf6 4. O-O g6 5. d4 cxd4 6. Nxd4 Bg7 7. Nb3 O-O 8. Nc3
e6 9. e4 Nc6 10. exd5 exd5 11. Be3 Bg4 12. f3 Be6 13. Re1 Re8 14. Bf2 Nd7 15.
Nd4 Nde5 16. Nxe6 fxe6 17. f4 Nc4 18. Rxe6 Rxe6 19. Qxd5 Qxd5 20. Bxd5 Nxb2 21.
Bxe6+ Kh8 22. Nb5 Nd3 23. Rd1 Nxf2 24. Kxf2 Re8 25. Bc4 Re7 26. Re1 Rxe1 27.
Kxe1 Nd4 28. Nxa7 Nxc2+ 29. Kd2 Nd4 30. Kd3 Nf5 31. Nb5 Bf8 32. Bd5 b6 33. Be4
Nd6 34. Nc7 Nc8 35. Bb7 Na7 36. Ne6 Ba3 37. Kc4 Kg8 38. Ba6 h6 39. Kd5 Kf7 40.
Nd4 Ke7 41. Nf3 Bc1 42. Ne5 g5 43. f5 h5 44. h3 Be3 45. g4 h4 46. a4 Bf2 47.
Ng6+ Kf6 48. Kd6 Bg1 49. Kc7 Bf2 50. Kb7 Bc5 51. Kxa7 b5+ 52. Kb7 bxa4 53. Bc4
a3 54. Ba2 Bd4 55. Kc6 Bb2 1-0

[Event "24th ch-EUR Indiv 2024"]
[Site "Petrovac MNE"]
[Date "2024.11.10"]
[Round "3.72"]
[White "Sargsyan, Shant"]
[Black "Akhvlediani, Irakli"]
[Result "1-0"]
[WhiteTitle "GM"]
[BlackTitle "FM"]
[WhiteElo "2655"]
[BlackElo "2363"]
[WhiteFideId "13306766"]
[BlackFideId "13601938"]
[EventDate "2024.11.08"]

1. e4 c5 2. Nf3 d6 3. Bb5+ Nd7 4. d4 cxd4 5. Qxd4 a6 6. Be2 Ngf6 7. O-O e5 8.
Qe3 Nc5 9. Nc3 Be6 10. Ng5 Bd7 11. Bc4 Ne6 12. Bb3 Be7 13. Nxe6 Bxe6 14. Rd1 O-O
15. Qe2 h6 16. Be3 Rc8 17. f3 Qc7 18. Rd2 Bc4 19. Bxc4 Qxc4 20. a3 Qxe2 21. Nxe2
Rc6 22. Ng3 Rfc8 23. Nf5 Bf8 24. c3 Kh7 25. Rad1 Ne8 26. Bf2 b5 27. a4 Rb8 28.
axb5 Rxb5 29. Ra1 Nc7 30. Ne3 Be7 31. h4 a5 32. Kf1 Ne6 33. Ke2 Bd8 34. Nd5 g6
35. Kd3 Kg7 36. Kc2 h5 37. Ra4 Kf8 38. b3 Ke8 39. Kb2 Kd7 40. Rd1 Rb7 41. g4 Rc8
42. gxh5 gxh5 43. Rg1 Rcb8 44. Ra3 Nc7 45. Kc2 Nb5 46. Ra2 Nc7 47. Ne3 Rxb3 48.
Rg7 a4 49. Rxf7+ Ke6 50. Rh7 Nb5 51. Nd5 Nxc3 52. Nxc3 Rc8 53. Be1 Rc4 54. Ra7
Bxh4 55. R7xa4 Bxe1 56. Rxc4 1-0

[Event "24th ch-EUR Indiv 2024"]
[Site "Petrovac MNE"]
[Date "2024.11.10"]
[Round "3.73"]
[White "Ljepic, Andrej"]
[Black "Ivanchuk, Vasyl"]
[Result "0-1"]
[WhiteTitle "FM"]
[BlackTitle "GM"]
[WhiteElo "2365"]
[BlackElo "2640"]
[WhiteFideId "980625"]
[BlackFideId "14100010"]
[EventDate "2024.11.08"]

1. e4 c5 2. Nf3 d6 3. Bb5+ Nc6 4. O-O Bd7 5. Re1 a6 6. Bf1 Bg4 7. h3 Bxf3 8.
Qxf3 g6 9. c3 Bg7 10. d3 e6 11. Qd1 Nge7 12. f4 b5 13. Be3 b4 14. Qc2 O-O 15.
Nd2 Rc8 16. Nf3 Nd4 17. Bxd4 cxd4 18. c4 Bh6 19. g3 e5 20. Qh2 f5 21. h4 exf4
22. gxf4 fxe4 23. Rxe4 d5 24. Rxd4 Bg7 25. Re1 Bxd4+ 26. Nxd4 dxc4 27. Ne6 Qb6+
28. Qf2 Qxf2+ 29. Kxf2 Rf6 30. dxc4 Rc6 31. Ng5 Rxf4+ 32. Kg3 Rxf1 33. Rxf1 Rxc4
34. Rd1 Nf5+ 35. Kf2 h6 36. Rd8+ Kg7 37. Rd7+ Kf6 38. Rf7+ Ke5 39. Nf3+ Kf4 40.
Ne1 Kg4 41. Rf6 Rf4+ 42. Kg1 Kh5 43. Rxa6 Rxh4 44. Rb6 Rd4 45. Nf3 Rg4+ 46. Kh2
Re4 47. Kg1 g5 48. Nd2 Rd4 49. Nb3 Rd1+ 50. Kf2 Rb1 51. Rxb4 Rxb2+ 52. Kf3 Rxa2 0-1

[Event "24th ch-EUR Indiv 2024"]
[Site "Petrovac MNE"]
[Date "2024.11.10"]
[Round "3.74"]
[White "Ivic, Velimir"]
[Black "Yarar, Bora"]
[Result "1/2-1/2"]
[WhiteTitle "GM"]
[BlackTitle "FM"]
[WhiteElo "2622"]
[BlackElo "2361"]
[WhiteFideId "950122"]
[BlackFideId "34588400"]
[EventDate "2024.11.08"]

1. d4 d5 2. c4 c6 3. Nf3 Nf6 4. Nc3 e6 5. g3 Be7 6. Bg2 O-O 7. O-O Nbd7 8. Qd3
b6 9. e4 Ba6 10. b3 c5 11. e5 dxc4 12. bxc4 Nd5 13. Nb5 Bxb5 14. cxb5 Qc7 15.
Qe4 cxd4 16. Qxd4 a6 17. bxa6 Rxa6 18. Bb2 Rfa8 19. Rfc1 Nc5 20. a3 Qa7 21. Qd1
Qd7 22. h4 h6 23. h5 Na4 24. Bd4 Nc5 25. Nd2 Rxa3 26. Nc4 Rxa1 27. Bxa1 Rb8 28.
Qg4 Nb3 29. Rd1 Qa4 30. Bb2 Nc7 31. Be4 Nc5 32. Ra1 Qb4 33. Ba3 Qa4 34. Rc1 Qe8
35. Bc2 Nd5 36. Nd6 Bxd6 37. exd6 Nd7 38. Qd4 N7f6 39. Bb3 Qd7 40. Qc4 b5 41.
Qc6 Qxc6 42. Rxc6 Rd8 43. Bc2 b4 44. Bb2 Ne8 45. Be5 Kf8 46. Ba4 Nc3 47. Bb3 f6
48. d7 Rxd7 49. Bxc3 bxc3 50. Rxc3 Ke7 51. Ba4 Rc7 52. Rb3 Nd6 53. Re3 e5 54.
Kg2 Nf5 55. Rb3 Nd4 56. Rb6 Ra7 57. Bd1 f5 58. Rg6 Kf7 59. Rb6 Ra1 60. Bb3+ Nxb3
61. Rxb3 Ra7 62. Rb6 Re7 63. g4 fxg4 64. Kg3 e4 65. Kxg4 e3 66. fxe3 Rxe3 67.
Rb7+ 1/2-1/2

[Event "24th ch-EUR Indiv 2024"]
[Site "Petrovac MNE"]
[Date "2024.11.10"]
[Round "3.75"]
[White "Pultinevicius, Paulius"]
[Black "Bodrogi, Bendeguz"]
[Result "1/2-1/2"]
[WhiteTitle "GM"]
[BlackTitle "FM"]
[WhiteElo "2599"]
[BlackElo "2358"]
[WhiteFideId "12809390"]
[BlackFideId "790303"]
[EventDate "2024.11.08"]

1. d4 d5 2. c4 e6 3. Nc3 a6 4. cxd5 exd5 5. Bf4 Nf6 6. e3 c5 7. Nge2 Nc6 8. g3
cxd4 9. exd4 Be7 10. Bg2 O-O 11. O-O Bg4 12. h3 Bxe2 13. Nxe2 Qb6 14. Qd3 Rad8
15. Rfd1 Rfe8 16. Nc3 h6 17. Rab1 Ne4 18. Nxd5 Rxd5 19. Qxe4 Rxd4 20. Rxd4 Qxd4
21. Qxd4 Nxd4 22. Re1 b6 23. Re4 Ne6 24. Be3 Rb8 25. b4 Kf8 26. Rc4 a5 27. bxa5
bxa5 28. Rc6 Bb4 29. Bd5 Ke7 30. Ra6 Rd8 31. Bc6 Rc8 32. Kf1 Rc7 33. Bb5 Rb7 34.
Ba4 Nc5 35. Bxc5+ Bxc5 36. Rxa5 Kd6 37. Bb3 f6 38. Kg2 Ra7 39. Rb5 Re7 40. Kf1
Kc6 41. Rb8 f5 42. Rc8+ Rc7 43. Rd8 Bd6 44. Kg2 f4 45. g4 Be7 46. Rd4 Bg5 47. a4
Kb6 48. Rb4+ Ka6 49. Re4 Rc3 50. Bd1 Rc1 51. Re6+ Ka7 52. Rd6 Ra1 53. Bc2 Ra2
54. Rc6 Kb7 55. Rc3 Kb6 56. Kf3 Bh4 57. Ke2 Be7 58. Rc4 Bg5 59. Kf3 Bh4 60. Rc3
Ka5 61. Kxf4 Bxf2 62. Kf5 Bd4 63. Rd3 Bf6 64. Bb3 Ra3 65. Rd5+ Kb4 66. Bd1 Rxh3
67. Rb5+ Kc4 68. Be2+ Kc3 69. Ke4 Rh2 70. Bd3 Ra2 71. Rc5+ Kb4 72. Rc4+ Ka5 73.
Bc2 Ra3 74. Rc5+ Kb6 75. Rb5+ Ka6 76. Bb3 Ra1 77. Kd5 Rb1 78. Kd6 Ra1 79. Kc5
Be7+ 80. Kd5 Bf6 81. Rc5 Kb6 82. Rc8 Kb7 83. Rc4 Kb6 84. Kd6 Rb1 85. Bc2 Rb2 86.
Rc8 Kb7 87. Kd7 Rb4 88. Rc7+ Kb6 89. Rc6+ Kb7 90. Rc7+ Kb6 91. Rc6+ Kb7 92. Rc7+ 1/2-1/2

[Event "24th ch-EUR Indiv 2024"]
[Site "Petrovac MNE"]
[Date "2024.11.10"]
[Round "3.76"]
[White "Jobava, Baadur"]
[Black "Szwed, Jacek"]
[Result "1-0"]
[WhiteTitle "GM"]
[BlackTitle "FM"]
[WhiteElo "2587"]
[BlackElo "2341"]
[WhiteFideId "13601520"]
[BlackFideId "1126431"]
[EventDate "2024.11.08"]

1. d4 d5 2. c4 dxc4 3. e3 Nf6 4. Bxc4 e6 5. Nf3 c5 6. O-O a6 7. a4 Nc6 8. Qe2
Qc7 9. Nc3 Be7 10. dxc5 Bxc5 11. b3 O-O 12. Bb2 b6 13. Bd3 Bb7 14. Ne4 Nxe4 15.
Bxe4 h6 16. Rfc1 Nb4 17. Rc4 Rad8 18. Ng5 Bxe4 19. Nxe4 Qe7 20. Nf6+ Kh8 21. Qh5
Nd3 22. Nd5 Nxb2 23. Nxe7 Nxc4 24. bxc4 Bxe7 25. a5 b5 26. cxb5 Rd5 27. Qf3 Rxb5
28. Qc6 Bf6 29. Qxa6 Rfb8 30. Rc1 Bd8 31. g3 Rxa5 32. Qd6 Rba8 33. Qf8+ Kh7 34.
Qxf7 e5 35. Rc6 Ra1+ 36. Kg2 1-0